<?xml version="1.0" encoding="UTF-8"?><?xml-stylesheet type="text/xsl" href="static/style.xsl"?><OAI-PMH xmlns="http://www.openarchives.org/OAI/2.0/" xmlns:xsi="http://www.w3.org/2001/XMLSchema-instance" xsi:schemaLocation="http://www.openarchives.org/OAI/2.0/ http://www.openarchives.org/OAI/2.0/OAI-PMH.xsd"><responseDate>2026-04-17T21:26:31Z</responseDate><request verb="GetRecord" identifier="oai:www.recercat.cat:2072/454127" metadataPrefix="marc">https://recercat.cat/oai/request</request><GetRecord><record><header><identifier>oai:recercat.cat:2072/454127</identifier><datestamp>2025-04-13T20:13:21Z</datestamp><setSpec>com_2072_98</setSpec><setSpec>col_2072_378196</setSpec></header><metadata><record xmlns="http://www.loc.gov/MARC21/slim" xmlns:dcterms="http://purl.org/dc/terms/" xmlns:xsi="http://www.w3.org/2001/XMLSchema-instance" xmlns:doc="http://www.lyncode.com/xoai" xsi:schemaLocation="http://www.loc.gov/MARC21/slim http://www.loc.gov/standards/marcxml/schema/MARC21slim.xsd">
   <leader>00925njm 22002777a 4500</leader>
   <datafield ind2=" " ind1=" " tag="042">
      <subfield code="a">dc</subfield>
   </datafield>
   <datafield ind2=" " ind1=" " tag="720">
      <subfield code="a">Grau Puigdomènech, Anna</subfield>
      <subfield code="e">author</subfield>
   </datafield>
   <datafield ind2=" " ind1=" " tag="720">
      <subfield code="a">Universitat Autònoma de Barcelona. Facultat de Ciències Polítiques i de Sociologia</subfield>
      <subfield code="e">author</subfield>
   </datafield>
   <datafield ind2=" " ind1=" " tag="260">
      <subfield code="c">2021</subfield>
   </datafield>
   <datafield ind2=" " ind1=" " tag="520">
      <subfield code="a">L'envelliment i la vellesa forma part del cicle vital de cada persona. Així i tot, tradicionalment la vellesa i les persones grans han estat subjectes a una visió negativa i estereotipada per part de la societat que dificulta el seu desenvolupament personal i social. Per aquest motiu, aquesta investigació s'apropa a la comprensió de la construcció social que els i les professionals de l'àmbit social fan de la vellesa, entenent que aquests/es són agents socials claus en l'atenció i tracte directe amb les persones grans. Així doncs, a través de l'anàlisi dels seus discursos, s'analitzacom l'àmbit geogràfic (rural i urbà) pot condicionar les construccions sobre la vellesa dels i les professionals. En conclusió, l'àrea geogràfica continua sent un aspecte a tenir en compte a l'hora de concebre la vellesa i les persones grans, en especial en els aspectes socials psicològics, econòmics i tecnològics. Així mateix, també s'ha detectat una major presència de situacions discriminatòries o estereotipades relatades pels i per les professionals de l'àmbit rural.</subfield>
   </datafield>
   <datafield tag="653" ind2=" " ind1=" ">
      <subfield code="a">Percepció social</subfield>
   </datafield>
   <datafield tag="653" ind2=" " ind1=" ">
      <subfield code="a">Vellesa</subfield>
   </datafield>
   <datafield tag="653" ind2=" " ind1=" ">
      <subfield code="a">Estereotips</subfield>
   </datafield>
   <datafield tag="653" ind2=" " ind1=" ">
      <subfield code="a">Sociologia rural</subfield>
   </datafield>
   <datafield tag="653" ind2=" " ind1=" ">
      <subfield code="a">Sociologia urbana</subfield>
   </datafield>
   <datafield ind2="0" ind1="0" tag="245">
      <subfield code="a">La percepció social de la vellesa entre els/les professionals de l'àmbit social</subfield>
   </datafield>
</record></metadata></record></GetRecord></OAI-PMH>